LEADER 01383nam0-2200349 --450 001 9910646390003321 005 20230222091155.0 012 $adee, t,e- e-ur exle (3) 1788 (R)$2fei 100 $a20230222d1788----kmuy0itay5050 ba 101 0 $afre$aita 102 $aIT 105 $a 001yy 200 1 $aTraitè de commerce, et de navigation entre sa majestè le roy des Deux Siciles et sa majestè l'imperatrice de toutes les Russies 210 $aIn Napoli$cnella stamperia reale$d1788 215 $a[4], 36 p.$d4° 300 $aCon testo francese e italiano su due colonne parallele 300 $aRomano ; corsivo 300 $aSegnatura: ?² A-D? E² 300 $aCarta ?1 bianca 300 $aStemma reale sul frontespizio 510 1 $aTrattato di commercio, e di navigazione tra sua maestà il re delle Due Sicilie e sua maestà la imperatrice di tutte le Russie 620 $aIT$dNapoli 710 02$aSicilia$c$4070$0140974 711 02$aRussia$c$4070$0179076 712 02$aStamperia Reale$c$4650 801 0$aIT$bUNINA$gREICAT$2UNIMARC 901 $aAQ 912 $a9910646390003321 952 $aFONDO ROSSI 3826$bROSSI 3947$fFARBC 959 $aFARBC 996 $aTraitè de commerce, et de navigation entre sa majestè le roy des Deux Siciles et sa majestè l'imperatrice de toutes les Russies$93010680 997 $aUNINA